• 首页
  • 本馆介绍
  • 公告通知
  • 最新文献
  • 馆藏检索
  • 电子资源
  • 读者导购
  • 参考咨询
  • 我的图书馆
  • 登录
  • 详细信息显示
  • 放入我的书架
  • 预约/预借图书
  • 作者相关作品
  • 分类相关作品
  • 丛书相关作品
  • 出版社相关作品

书目信息

  • 表格格式
  • 工作单格式
  • 卡片格式
书名: Analysis of the classes in Chinese society
作者:
分册号:
分册名:
出版地: Peking :
 
出版社: Foreign Languages Press
出版时间: 1965.
页数: 12 p. ;
开本: 19 cm.
丛书名:
中图分类号:
科图分类号:
其他分类号: A423
主题词:
电子资源:
000 00727cam a22002531 450
001 E0739681202
005 20070305110449.67
008 740812s1965 000 0 eng
010    @a57047655
035    @a(OCoLC)975295
035    @A(DLC) 57047655
040    @aDLC@cN@dOCoLC@dDLC
050 00 @aHN673@b.M253
090    @aA423
099    @dA423@ex6
100 1  @aMao, Zedong,@d1893-1976.
245 10 @aAnalysis of the classes in Chinese society.
250    @a4th ed.
260    @aPeking :@bForeign Languages Press,@c1965.
300    @a12 p. ;@c19 cm.
650  0 @aSocial classes@zChina.
906    @a7@bcbc@coclcrpl@du@encip@f19@gy-gencatlg
985    @eOCLC REPLACEMENT
991    @bc-GenColl@hHN673@i.M253@tCopy 1@wOCLCREP
    
    Analysis of the classes in Chinese society.-4th ed.-Peking : : Foreign Languages Press, , 1965.
    12 p. ; ; 19 cm.
    
    
    ISBN
    
●
相关链接 在E读中查询图书 在五车中查询图书 在当当中查询图书 在豆瓣中查询图书


正题名:Analysis of the classes in Chinese society     索取号:A423/x6         预约/预借

序号 登录号 条形码 馆藏地/架位号 状态 备注
1 55748   300000175   第四借阅区/ [索取号:A423/x6] 在馆    
唐山师范学院图书馆 欢迎您!
大连网信软件有限公司© 版权所有